[Event "Titled Tue 10th Jun Late"]
[Site "chess.com INT"]
[Date "2025.06.10"]
[Round "6"]
[White "Shi, Roger V"]
[Black "Arabidze, Meri"]
[Result "0-1"]
[BlackTitle "IM"]
[WhiteElo "2137"]
[BlackElo "2440"]
[WhiteFideId "30980119"]
[BlackFideId "13604040"]
[EventDate "2025.06.10"]

1. e4 c5 2. Nf3 e6 3. c3 Nf6 4. e5 Nd5 5. d4 cxd4 6. cxd4 b6 7. Bc4 Ba6 8. Bxa6
Nxa6 9. Nc3 Nxc3 10. bxc3 Be7 11. O-O O-O 12. Qd3 Nc7 13. h3 Rc8 14. c4 d5 15.
cxd5 Nxd5 16. Bd2 h6 17. Rfc1 Qd7 18. Ne1 Rxc1 19. Rxc1 Rc8 20. Nc2 Qa4 21. a3
Rc7 22. Ne3 Qxa3 23. Qxa3 Bxa3 24. Rxc7 Nxc7 25. Kf1 Bb2 26. Nc2 Nb5 27. Be3 a5
28. Ke2 a4 29. Kd3 a3 30. Nb4 Nc3 31. Kc2 g5 32. Kb3 Nd5 33. Nd3 Kg7 34. Nxb2
axb2 35. Kxb2 b5 36. g4 f6 37. Kb3 fxe5 38. dxe5 Kf7 39. Bd4 Ke7 40. Kc2 Kd7 41.
f3 Kc6 42. Kb3 Nf4 43. Kb4 Nxh3 44. Bc3 Nf4 45. Bd2 Nd3+ 46. Kc3 Nxe5 47. Kd4
Nxf3+ 48. Ke3 Nxd2 49. Kxd2 Kd5 50. Ke3 Ke5 51. Kf3 b4 52. Kg3 b3 0-1

[Event "Titled Tue 10th Jun Late"]
[Site "chess.com INT"]
[Date "2025.06.10"]
[Round "6"]
[White "Bongo Akanga Ndjila, Barthelemy"]
[Black "Lazaro Azcutia, Miguel"]
[Result "1-0"]
[WhiteTitle "CM"]
[BlackTitle "CM"]
[WhiteElo "1847"]
[BlackElo "2275"]
[WhiteFideId "10609431"]
[BlackFideId "54538254"]
[EventDate "2025.06.10"]

1. d4 Nf6 2. Nf3 e6 3. e3 b6 4. Bd3 Bb7 5. O-O d5 6. c4 Bd6 7. cxd5 exd5 8. Nc3
O-O 9. b3 a6 10. Bb2 Nbd7 11. Rc1 Qe7 12. Ne2 Ne4 13. Ng3 f5 14. Qc2 c6 15. Rfe1
g6 16. Nf1 g5 17. N3d2 g4 18. f3 Nxd2 19. Nxd2 Qg5 20. f4 Qf6 21. Nf1 Rf7 22.
Ng3 Raf8 23. a3 Qg6 24. b4 h5 25. Qe2 h4 26. Nf1 Ra8 27. Bc3 Qe6 28. a4 b5 29.
axb5 axb5 30. Ra1 Rff8 31. Qf2 Be7 32. Nd2 Nb6 33. Nb3 Na4 34. Bd2 Bc8 35. Na5
Bd7 36. Rac1 Rac8 37. Nb3 Nb2 38. Bb1 Nc4 39. Bc3 Qf6 40. Nc5 Rc7 41. Na6 Ra7
42. Nc5 Rfa8 43. Kh1 Bc8 44. e4 dxe4 45. d5 Qg6 46. Qd4 Kf7 47. dxc6 Be6 48.
Nxe6 Kxe6 49. Bxe4 Kf7 50. Bd5+ Ke8 51. Qh8+ 1-0

[Event "Titled Tue 10th Jun Late"]
[Site "chess.com INT"]
[Date "2025.06.10"]
[Round "6"]
[White "Vasquez Schroeder, Rodrigo"]
[Black "Maghsoodloo, Parham"]
[Result "0-1"]
[WhiteTitle "GM"]
[BlackTitle "GM"]
[WhiteElo "2446"]
[BlackElo "2691"]
[WhiteFideId "3400042"]
[BlackFideId "12539929"]
[EventDate "2025.06.10"]

1. e4 c5 2. Nf3 e6 3. d4 cxd4 4. Nxd4 a6 5. Bd3 Bc5 6. Nb3 Ba7 7. O-O Nc6 8. Qe2
Nge7 9. Be3 O-O 10. Bxa7 Rxa7 11. f4 f5 12. N1d2 b5 13. a3 Qb6+ 14. Kh1 Rc7 15.
c3 Bb7 16. Rae1 h6 17. exf5 Nxf5 18. Nf3 Nce7 19. Nfd4 Bd5 20. Qf2 Qb7 21. Kg1
Rf6 22. g3 Nd6 23. Nd2 Rc8 24. N2f3 Bc4 25. Ne5 Bxd3 26. Nxd3 Nc4 27. Qg2 Qb6
28. Kh1 Rcf8 29. Nf3 Nd5 30. Qf2 Qc7 31. Nfe5 Nxe5 32. Nxe5 d6 33. Ng4 Rg6 34.
Ne3 Nb6 35. Qe2 Na4 36. Rd1 Rgf6 37. Kg1 Qb6 38. Kh1 Qc6+ 39. Kg1 R6f7 40. Rd2
e5 41. Nd5 Nb6 42. Nxb6 Qxb6+ 43. Qf2 Qc6 44. Qg2 Qc5+ 45. Qf2 Qc7 46. Qe3 g5
47. Rdf2 gxf4 48. gxf4 exf4 49. Rxf4 Rg7+ 50. Kh1 Qc6+ 51. R1f3 Re8 52. Qf2 Qd5
53. h3 Qd1+ 54. Kh2 Re2 0-1

[Event "Titled Tue 10th Jun Late"]
[Site "chess.com INT"]
[Date "2025.06.10"]
[Round "6"]
[White "Salinas Herrera, Pablo"]
[Black "Perez, Maximiliano"]
[Result "1-0"]
[WhiteTitle "GM"]
[BlackTitle "IM"]
[WhiteElo "2447"]
[BlackElo "2362"]
[WhiteFideId "3407128"]
[BlackFideId "117234"]
[EventDate "2025.06.10"]

1. d4 e6 2. Nf3 Nf6 3. Bf4 b6 4. e3 Bd6 5. Bxd6 cxd6 6. Bd3 Ba6 7. O-O Bxd3 8.
Qxd3 O-O 9. Nbd2 Nc6 10. c3 d5 11. b3 Rc8 12. Rfc1 d6 13. c4 dxc4 14. bxc4 e5
15. Qa3 Qd7 16. h3 Rfe8 17. Nb3 h6 18. Rd1 exd4 19. Nfxd4 Ne5 20. Nb5 Nxc4 21.
Qa6 d5 22. N3d4 Ra8 23. Rac1 Ne4 24. Nb3 Qf5 25. Rf1 Red8 26. N3d4 Qd7 27. Nb3
Ng5 28. Rfd1 Rac8 29. Rd4 Qe6 30. Rcd1 Ne4 31. Qxa7 Nxf2 32. Kxf2 Qxe3+ 33. Kf1
Qg3 34. R4d3 Ne3+ 35. Rxe3 Qxe3 36. N5d4 Rd6 37. Qa6 Rf6+ 38. Nf3 Re8 39. Qd3
Qe4 40. Kg1 Qf4 41. Nbd4 Re4 42. Kh1 Re3 43. Qd2 Qe4 44. Qc1 g5 45. Rf1 g4 46.
hxg4 Qxg4 47. Qxe3 Rf5 48. Nxf5 Qxf5 49. Qe8+ 1-0

[Event "Titled Tue 10th Jun Late"]
[Site "chess.com INT"]
[Date "2025.06.10"]
[Round "6"]
[White "Aradhya, Garg"]
[Black "Deac, Bogdan-Daniel"]
[Result "0-1"]
[WhiteTitle "IM"]
[BlackTitle "GM"]
[WhiteElo "2370"]
[BlackElo "2674"]
[WhiteFideId "25006746"]
[BlackFideId "1226380"]
[EventDate "2025.06.10"]

1. d4 Nf6 2. c4 e6 3. Nf3 d5 4. Nc3 Be7 5. Bf4 O-O 6. e3 b6 7. Bd3 dxc4 8. Bxc4
Bb7 9. a3 Nbd7 10. d5 Nc5 11. dxe6 Nxe6 12. Qxd8 Bxd8 13. Be5 Nd7 14. Bg3 a6 15.
O-O-O Nf6 16. a4 Rc8 17. Kb1 Be7 18. Bxe6 fxe6 19. Ng5 Nh5 20. Nxe6 Nxg3 21.
fxg3 Rf6 22. Nf4 Rf7 23. Rd3 Bd6 24. Rhd1 Re8 25. Ka2 g6 26. R1d2 Kg7 27. Kb3 g5
28. Nfd5 Be5 29. e4 Kg6 30. Rf3 Bc8 31. Rxf7 Kxf7 32. Rf2+ Kg6 33. Rf3 Bg4 34.
Rf1 h5 35. Kc2 Be6 36. Kd3 Rd8 37. Ke3 Kg7 38. h4 Bxg3 39. hxg5 Be5 40. Nf4 Bg4
41. Ncd5 c6 42. Rc1 cxd5 43. Nxd5 Rc8 44. Rxc8 Bxc8 45. Nxb6 Be6 46. b4 Bd6 0-1

[Event "Titled Tue 10th Jun Late"]
[Site "chess.com INT"]
[Date "2025.06.10"]
[Round "6"]
[White "Woodward, Andy"]
[Black "Vakhidov, Jakhongir"]
[Result "0-1"]
[WhiteTitle "GM"]
[BlackTitle "GM"]
[WhiteElo "2567"]
[BlackElo "2539"]
[WhiteFideId "30953499"]
[BlackFideId "14201801"]
[EventDate "2025.06.10"]

1. Nf3 g6 2. d4 Nf6 3. Bg5 Bg7 4. Nbd2 O-O 5. c3 d6 6. e4 c5 7. dxc5 dxc5 8. Bc4
Nc6 9. Qe2 Qc7 10. O-O h6 11. Bxf6 exf6 12. Rad1 f5 13. Rfe1 Re8 14. Qd3 a6 15.
Bd5 fxe4 16. Nxe4 Bf5 17. Qc4 Bxe4 18. Rxe4 Rxe4 19. Qxe4 Ne7 20. Bxb7 Rb8 21.
Bxa6 Rxb2 22. Bc4 Bxc3 23. g3 Kg7 24. Bb3 Nf5 25. Qc4 Bf6 26. Qc1 Qe7 27. Re1
Qd7 28. Ne5 Qd4 29. Qf4 Qxf4 30. gxf4 Nd4 31. Re3 Ne2+ 32. Kg2 Nxf4+ 33. Kf3 Nh3
34. Nd3 Rd2 35. Kg3 Bd4 36. Rf3 Ng5 37. Bc4 Nxf3 38. Kxf3 Rc2 39. Bb3 Rd2 40.
Bc4 f5 41. a4 Rc2 42. Bb5 c4 43. Nf4 Rxf2+ 44. Kg3 Kf6 45. Bxc4 Rc2 46. Nd5+ Ke5
47. Bb3 Rb2 48. Bc4 g5 49. Ne7 f4+ 50. Kf3 Rf2+ 51. Kg4 Rc2 52. Nc6+ Ke4 53. Bb5
Rxh2 54. Ne7 Rh4# 0-1

[Event "Titled Tue 10th Jun Late"]
[Site "chess.com INT"]
[Date "2025.06.10"]
[Round "6"]
[White "Danila, Tudor-Gabriel"]
[Black "Schernthaner, David"]
[Result "0-1"]
[WhiteTitle "CM"]
[BlackTitle "FM"]
[WhiteElo "2178"]
[BlackElo "2401"]
[WhiteFideId "1274244"]
[BlackFideId "1649574"]
[EventDate "2025.06.10"]

1. e4 a6 2. d4 g6 3. c4 Bg7 4. Nc3 c5 5. d5 d6 6. Be3 Nf6 7. h3 O-O 8. Bd3 e6 9.
Nf3 exd5 10. exd5 Re8 11. O-O Rxe3 12. fxe3 Nfd7 13. Ne4 Ne5 14. Nxe5 Bxe5 15.
Qf3 Bf5 16. Nf2 Bc8 17. Ng4 f5 18. Nxe5 dxe5 19. e4 f4 20. a3 a5 21. b4 axb4 22.
axb4 Rxa1 23. Rxa1 Na6 24. Rxa6 bxa6 25. bxc5 Qa5 26. Qf2 Qc3 27. Bf1 a5 28. c6
a4 29. d6 Be6 30. d7 Qa5 31. Qh4 Bxd7 32. cxd7 Qa7+ 33. Qf2 Qxd7 34. c5 Qd1 35.
Kh2 Qb3 36. Qe2 Kg7 37. Qc4 Qg3+ 38. Kh1 f3 39. c6 fxg2+ 40. Bxg2 a3 41. c7 Qe1+
42. Kh2 a2 43. Qxa2 Qc1 44. Qa7 Kh6 45. Qb7 Qf4+ 46. Kg1 Qe3+ 47. Kf1 Qc1+ 48.
Kf2 Qd2+ 49. Kf3 Qd3+ 50. Kf2 Qd2+ 51. Kg3 Qf4# 0-1

[Event "Titled Tue 10th Jun Late"]
[Site "chess.com INT"]
[Date "2025.06.10"]
[Round "6"]
[White "Rustamov, Rustam"]
[Black "Bouska, Jiri"]
[Result "1-0"]
[WhiteTitle "FM"]
[BlackTitle "FM"]
[WhiteElo "2334"]
[BlackElo "2318"]
[WhiteFideId "13440110"]
[BlackFideId "23722223"]
[EventDate "2025.06.10"]

1. e4 c5 2. Nf3 d6 3. d4 cxd4 4. Nxd4 Nf6 5. Nc3 Nc6 6. Be2 Bd7 7. O-O g6 8. Be3
Bg7 9. Qd2 O-O 10. f3 Qa5 11. Rfd1 Rfc8 12. Nb3 Qd8 13. Nd4 Ne5 14. Nd5 Nc4 15.
Bxc4 Rxc4 16. b3 Rcc8 17. c4 a6 18. a4 e6 19. Nxf6+ Bxf6 20. Rab1 Rab8 21. Ne2
Be7 22. e5 Rc6 23. Nd4 Rcc8 24. exd6 Bxd6 25. Nxe6 Bxe6 26. Qxd6 Qxd6 27. Rxd6
Rd8 28. Rbd1 Rxd6 29. Rxd6 Kf8 30. Rb6 Ke7 31. Bf4 Rd8 32. Rxb7+ Kf6 33. h4 Rd1+
34. Kh2 Rb1 35. Rb8 a5 36. Rb5 Bd7 37. Bg5+ Kg7 38. Rb6 Bxa4 39. Bf6+ Kh6 40.
Bg5+ Kg7 41. h5 h6 42. Bf6+ Kh7 43. hxg6+ fxg6 44. Rb7+ Kg8 45. Rg7+ Kf8 46.
bxa4 Rb4 47. Rxg6 Rxc4 48. Rxh6 Rxa4 49. Bd8 Ke8 50. Bb6 Ra2 51. Rh5 a4 52. Ra5
Kd7 53. Bc5 Kc6 54. f4 Rc2 55. Bf8 Rc4 56. g3 Kb6 57. Re5 Rc3 58. g4 a3 59. Bxa3
Rxa3 60. g5 Kc6 61. g6 Kd7 62. g7 Ra8 63. f5 Kd6 64. Re1 Ra2+ 65. Kg3 Ra3+ 66.
Kg4 Ra4+ 67. Kg5 Ra8 68. Kg6 Ra5 69. f6 Ra8 70. f7 Kd7 71. f8=Q Ra6+ 72. Qf6
Rxf6+ 73. Kxf6 Kd6 74. g8=Q Kc5 75. Qc8+ Kd4 76. Qd7+ Kc4 77. Rc1+ Kb3 78. Qb7+
Ka2 79. Rc8 Ka3 80. Ra8# 1-0

[Event "Titled Tue 10th Jun Late"]
[Site "chess.com INT"]
[Date "2025.06.10"]
[Round "6"]
[White "Leschinsky, Gary"]
[Black "Manukyan, Sargis A."]
[Result "1-0"]
[BlackTitle "FM"]
[WhiteElo "1992"]
[BlackElo "2294"]
[WhiteFideId "30951321"]
[BlackFideId "13303970"]
[EventDate "2025.06.10"]

1. Nf3 d5 2. g3 e6 3. Bg2 Nf6 4. O-O Be7 5. c4 O-O 6. d3 d4 7. e4 dxe3 8. Bxe3
Nc6 9. d4 Ng4 10. Bf4 Bf6 11. h3 e5 12. Bd2 e4 13. Ne1 e3 14. Bxe3 Nxe3 15. fxe3
Re8 16. Nc2 Ne7 17. e4 Ng6 18. Nc3 c5 19. Nd5 Bxd4+ 20. Nxd4 cxd4 21. Qxd4 Be6
22. b3 b6 23. Rad1 Rc8 24. Nf4 Qe7 25. Qd6 Qg5 26. Nxg6 hxg6 27. Qf4 Qa5 28. Rf2
Red8 29. Rfd2 Rxd2 30. Rxd2 b5 31. cxb5 Qxb5 32. e5 a5 33. Qd4 Qb4 34. Qxb4 axb4
35. Kf2 Rc5 36. Re2 Rc3 37. g4 g5 38. Ke1 Rc1+ 39. Kd2 Ra1 40. Kd3 g6 41. Kd4
Rc1 42. Rd2 Kf8 43. Bd5 Ke7 44. Bxe6 Kxe6 45. Rd3 Re1 46. Kc4 Re4+ 47. Rd4 Kxe5
48. Rxe4+ Kxe4 49. Kxb4 f5 50. Kc3 Ke3 51. a4 f4 52. a5 f3 53. a6 f2 54. a7 f1=Q
55. a8=Q Qc1+ 56. Kb4 Qd2+ 57. Kb5 Qd3+ 58. Kb4 Qd2+ 59. Kc4 1-0

[Event "Titled Tue 10th Jun Late"]
[Site "chess.com INT"]
[Date "2025.06.10"]
[Round "6"]
[White "Escareno Rojas, Angel Salvador"]
[Black "Wu, Derek"]
[Result "0-1"]
[BlackTitle "FM"]
[WhiteElo "1965"]
[BlackElo "2232"]
[WhiteFideId "5107733"]
[BlackFideId "30914558"]
[EventDate "2025.06.10"]

1. e4 c5 2. Nf3 Nc6 3. d4 cxd4 4. Nxd4 Nf6 5. Nc3 d6 6. Be2 g6 7. Be3 Bg7 8. O-O
O-O 9. Re1 a6 10. a4 d5 11. exd5 Nxd5 12. Nxd5 Qxd5 13. Bf3 Qc4 14. Nxc6 bxc6
15. b3 Qc3 16. Rb1 Bf5 17. Re2 Rfd8 18. Qe1 Qxe1+ 19. Rbxe1 Bc3 20. Rb1 Rd6 21.
Bc5 Re6 22. Rxe6 fxe6 23. Bxe7 Kf7 24. Bg5 Rb8 25. Bxc6 Rc8 26. Bb7 Rc7 27. Bxa6
Bxc2 28. Rc1 Bb2 29. Rxc2 Rxc2 30. Bc4 Bd4 31. Be3 Bxe3 32. fxe3 Kf6 33. a5 Ke7
34. a6 Ra2 35. b4 Ra4 36. b5 Kd6 37. b6 Kc6 38. b7 Kc7 39. Bb5 Ra5 40. Be2 Kb8
41. Kf2 Rf5+ 42. Kg3 Ra5 43. Kf4 Ra2 44. Bc4 Rxg2 45. Bxe6 Rxh2 46. Kg5 Re2 47.
Kf4 g5+ 48. Kf3 Rb2 49. e4 Rb6 50. Bc4 Rb4 51. Be2 h5 52. e5 g4+ 0-1

[Event "Titled Tue 10th Jun Late"]
[Site "chess.com INT"]
[Date "2025.06.10"]
[Round "6"]
[White "Medina Paz, Miguel"]
[Black "Watanabe, Akira"]
[Result "1-0"]
[WhiteTitle "IM"]
[BlackTitle "FM"]
[WhiteElo "2368"]
[BlackElo "2284"]
[WhiteFideId "7300379"]
[BlackFideId "7000227"]
[EventDate "2025.06.10"]

1. d4 Nf6 2. c4 g6 3. Nc3 Bg7 4. e4 d6 5. Be2 O-O 6. Bg5 c5 7. d5 e6 8. Qd2 exd5
9. exd5 Nbd7 10. Nf3 a6 11. a4 Qe7 12. O-O Ne5 13. Nxe5 Qxe5 14. Rfe1 Ne4 15.
Nxe4 Qxe4 16. Bd3 Qd4 17. Be7 Re8 18. Bxd6 Bf5 19. Red1 Bxd3 20. Qxd3 Re1+ 21.
Qf1 Rxf1+ 22. Kxf1 Qxc4+ 23. Kg1 Bd4 24. Rac1 Qxa4 25. Be7 Qd7 26. d6 Re8 27. b4
b6 28. bxc5 bxc5 29. Re1 f5 30. h3 Kf7 31. Re2 f4 32. Rce1 f3 33. Re4 fxg2 34.
Rf4+ Kg7 35. Kxg2 g5 36. Rfe4 h6 37. Bf6+ Bxf6 38. Rxe8 Qxd6 39. R8e6 Qd5+ 40.
f3 Qd2+ 41. R1e2 Qd5 42. Rxa6 c4 43. Ree6 Qd2+ 44. Kg3 Qf4+ 45. Kg2 Bd4 46. Re7+
Kf8 47. Re2 h5 48. Rae6 g4 49. fxg4 hxg4 50. Re8+ Kf7 51. R8e7+ Kg6 52. R7e6+
Kg5 53. hxg4 Qxg4+ 54. Kh2 Qh4+ 55. Kg2 Qg4+ 56. Kh2 Bg1+ 57. Kh1 1-0

[Event "Titled Tue 10th Jun Late"]
[Site "chess.com INT"]
[Date "2025.06.10"]
[Round "6"]
[White "Sargsyan, Shant"]
[Black "Grutter, Tim"]
[Result "1/2-1/2"]
[WhiteTitle "GM"]
[BlackTitle "IM"]
[WhiteElo "2669"]
[BlackElo "2404"]
[WhiteFideId "13306766"]
[BlackFideId "1057472"]
[EventDate "2025.06.10"]

1. a3 g6 2. h4 h5 3. e4 c5 4. c3 Bg7 5. d4 cxd4 6. cxd4 Nc6 7. Nf3 d6 8. Nc3 Bg4
9. Be3 Bxf3 10. gxf3 Rc8 11. d5 Ne5 12. Be2 Nf6 13. Rc1 O-O 14. Kf1 Nc4 15. Bxc4
Rxc4 16. Qb3 Qc7 17. Kg2 a6 18. Bb6 Qc8 19. Ne2 Rxc1 20. Rxc1 Qb8 21. Rc7 Rc8
22. Qc3 Rxc7 23. Bxc7 Qc8 24. Ba5 Qxc3 25. Bxc3 Nd7 26. b4 Bxc3 27. Nxc3 Ne5 28.
f4 Nd3 29. Kf3 Ne1+ 30. Kg3 Nc2 31. Nb1 f5 32. f3 Kf7 33. Kf2 e6 34. dxe6+ Kxe6
35. Ke2 Nd4+ 36. Ke3 Nc2+ 37. Kd3 Ne1+ 38. Ke2 Ng2 39. Nc3 Nxf4+ 40. Kf2 Nd3+
41. Ke3 Ne5 42. a4 Nc6 43. Nd5 fxe4 44. Kxe4 Ne7 45. Nf4+ Kf6 46. a5 Nf5 47.
Nd5+ Ke6 48. Nf4+ Kf7 49. Kd5 Nxh4 50. Kxd6 Nxf3 51. Kc7 h4 52. Kxb7 g5 53. Nd3
g4 54. Kxa6 g3 55. Nf4 Ng5 56. b5 h3 57. b6 g2 58. b7 g1=Q 59. b8=Q Qf1+ 60. Ka7
Qf2+ 61. Ka8 Qf3+ 62. Qb7+ Qxb7+ 63. Kxb7 h2 64. a6 h1=Q+ 65. Kb6 Qb1+ 66. Kc7
Qc1+ 67. Kb7 Qxf4 68. a7 Qe4+ 69. Kb8 Qb4+ 70. Ka8 Qa5 71. Kb7 Qb5+ 72. Kc7 Qa6
73. Kb8 Qb6+ 74. Ka8 Qa6 75. Kb8 Ne6 76. a8=Q Qb6+ 77. Qb7+ Qxb7+ 78. Kxb7 1/2-1/2

[Event "Titled Tue 10th Jun Late"]
[Site "chess.com INT"]
[Date "2025.06.10"]
[Round "6"]
[White "Pakleza, Zbigniew"]
[Black "Naroditsky, Daniel"]
[Result "1-0"]
[WhiteTitle "GM"]
[BlackTitle "GM"]
[WhiteElo "2484"]
[BlackElo "2619"]
[WhiteFideId "1119290"]
[BlackFideId "2026961"]
[EventDate "2025.06.10"]

1. d4 Nf6 2. Nf3 g6 3. Bf4 Bg7 4. e3 O-O 5. Be2 d6 6. h3 c5 7. c3 Qb6 8. Qb3
cxd4 9. exd4 Nc6 10. Nbd2 Qc7 11. O-O e5 12. Bh2 e4 13. Ne1 Be6 14. Qa3 Rad8 15.
Nc2 Qd7 16. Rfe1 d5 17. Nb3 b6 18. Bb5 Qc8 19. Qa6 Qa8 20. Qa4 Bd7 21. Nb4 Nxb4
22. Qxb4 a5 23. Qa4 Rfe8 24. Nd2 Bh6 25. Nf1 Re6 26. Ne3 Bxb5 27. Qxb5 Qc8 28.
Be5 Bxe3 29. fxe3 Ne8 30. Rf1 f6 31. Bh2 Qc6 32. Qe2 b5 33. a3 a4 34. h4 Ng7 35.
g4 h5 36. Kh1 Kh7 37. Rg1 Qc4 38. Qf2 Rf8 39. Rg2 f5 40. gxh5 Nxh5 41. Bf4 Nf6
42. Be5 Qc8 43. Rf1 Nh5 44. Rfg1 f4 45. exf4 Rxe5 46. dxe5 Rxf4 47. Qa7+ Kh8 48.
Rh2 Rg4 49. Qe3 Rxg1+ 50. Kxg1 Qf5 51. Rf2 Qg4+ 52. Rg2 Qe6 53. Qh6+ Kg8 54.
Rxg6+ Qxg6+ 55. Qxg6+ Ng7 56. e6 e3 57. e7 Kh8 58. e8=Q+ Nxe8 59. Qxe8+ Kg7 60.
Qxe3 d4 61. Qxd4+ Kh6 62. Qe5 Kg6 63. Qg5+ Kf7 64. h5 b4 65. h6 b3 66. h7 Ke6
67. h8=Q Kf7 68. Qhg7+ Ke6 69. Q7e7# 1-0

[Event "Titled Tue 10th Jun Late"]
[Site "chess.com INT"]
[Date "2025.06.10"]
[Round "6"]
[White "Deng, Henry"]
[Black "Norman, Kseniya"]
[Result "1/2-1/2"]
[WhiteTitle "FM"]
[BlackTitle "WFM"]
[WhiteElo "2327"]
[BlackElo "2069"]
[WhiteFideId "30965454"]
[BlackFideId "13518780"]
[EventDate "2025.06.10"]

1. e4 e6 2. d4 d5 3. Nd2 c5 4. Ngf3 cxd4 5. Nxd4 Nc6 6. Bb5 Bd7 7. Nxc6 bxc6 8.
Bd3 e5 9. O-O Nf6 10. exd5 cxd5 11. c4 Bc6 12. Qe2 Bd6 13. cxd5 Nxd5 14. Nc4 O-O
15. b3 Re8 16. Nxd6 Qxd6 17. Bb2 Nf4 18. Bxh7+ Kxh7 19. Qc2+ Qg6 20. Qxg6+ Kxg6
21. f3 Rad8 22. Rf2 Nd3 23. Rd2 Nxb2 24. Rxb2 e4 25. Rc1 Ba8 26. fxe4 Rxe4 27.
h3 Red4 28. Rcc2 Be4 29. Rf2 f5 30. b4 Rb8 31. b5 Kf6 32. Kh2 Ke5 33. Rb3 g5 34.
Ra3 Rb7 35. Ra5 Rd5 36. Rb2 g4 37. a4 gxh3 38. Kxh3 Rd3+ 39. Kh2 Kf4 40. Ra6
Rh7+ 41. Kg1 Rg7 42. Rh6 Rdg3 43. Rh2 Ke5 44. a5 Kd6 45. b6 axb6 46. axb6 Bb7
47. Rh6+ Ke5 48. Rh2 f4 49. Kf1 Rd3 50. Rh5+ Kd4 51. Rb4+ Kc3 52. Rxf4 Rxg2 53.
Rc5+ Kb3 54. Rb5+ Kc2 55. Rc5+ Kd2 56. Rf2+ Rxf2+ 57. Kxf2 Rf3+ 58. Kg1 Rf7 59.
Rc7 Rxc7 60. bxc7 Bc8 61. Kg2 Kc3 62. Kg3 Kd4 63. Kf4 Kd5 64. Ke3 Kd6 65. Kd4
Kxc7 1/2-1/2

[Event "Titled Tue 10th Jun Late"]
[Site "chess.com INT"]
[Date "2025.06.10"]
[Round "6"]
[White "Daspres, Loic"]
[Black "Kucza, Karol"]
[Result "0-1"]
[WhiteTitle "CM"]
[BlackTitle "FM"]
[WhiteElo "2207"]
[BlackElo "2316"]
[WhiteFideId "20612281"]
[BlackFideId "1159755"]
[EventDate "2025.06.10"]

1. e4 e5 2. Nf3 Nc6 3. d4 exd4 4. Nxd4 Nf6 5. Nc3 Bb4 6. Nxc6 bxc6 7. Bd3 O-O 8.
O-O d5 9. exd5 cxd5 10. h3 c6 11. Bg5 Bd6 12. Qf3 Rb8 13. Rab1 h6 14. Bxf6 Qxf6
15. Qxf6 gxf6 16. Ne2 Be5 17. b3 Be6 18. Rfc1 c5 19. c4 d4 20. Ng3 Rfe8 21. Re1
Bd6 22. Nf5 Bf8 23. g4 a5 24. Kg2 Bd7 25. f3 a4 26. Be4 Rb4 27. Bc2 axb3 28.
axb3 Rxe1 29. Rxe1 h5 30. Rb1 hxg4 31. hxg4 Be6 32. Kf2 Rb8 33. Ng3 Bd6 34. Ne4
Be7 35. Ke2 Kg7 36. Nd2 Bd6 37. Be4 Rh8 38. Kd3 Rh2 39. Re1 Kh6 40. Re2 Rh1 41.
Rg2 Kg5 42. Bd5 Kf4 43. Ne4 Be7 44. Bxe6 fxe6 45. b4 cxb4 46. Kxd4 Rc1 47. c5 f5
48. gxf5 exf5 49. Nd6 b3 50. Rb2 Bf6+ 51. Kd5 Bxb2 52. Nc4 Rxc4 53. Kxc4 Kxf3
54. c6 Be5 55. Kxb3 Ke4 56. Kc2 Ke3 57. Kd1 f4 58. Ke1 f3 59. Kf1 f2 0-1

[Event "Titled Tue 10th Jun Late"]
[Site "chess.com INT"]
[Date "2025.06.10"]
[Round "6"]
[White "Mai, Alexander Oliver"]
[Black "Unsal, Gorkem"]
[Result "0-1"]
[WhiteTitle "CM"]
[BlackTitle "CM"]
[WhiteElo "2171"]
[BlackElo "2109"]
[WhiteFideId "2313391"]
[BlackFideId "51607484"]
[EventDate "2025.06.10"]

1. e4 c5 2. Nf3 Nc6 3. Bb5 g6 4. Bxc6 dxc6 5. d3 Bg7 6. h3 e5 7. Be3 Qe7 8. a4
Nf6 9. Qd2 O-O 10. Bh6 c4 11. Bxg7 Kxg7 12. O-O Rd8 13. Na3 cxd3 14. cxd3 Nxe4
15. Qe3 Nc5 16. d4 Ne6 17. dxe5 Qc5 18. Qe4 Nd4 19. Rfe1 Bf5 20. Qf4 Nxf3+ 21.
Qxf3 Rd2 22. Rac1 Qd4 23. Nc4 Rd3 24. Qe2 Rd8 25. Nd6 Rxd6 26. exd6 Qxd6 27.
Rcd1 Rxd1 28. Rxd1 Qf4 29. b3 Be6 30. Qb2+ Qf6 31. Qxf6+ Kxf6 32. Rd3 b5 33.
axb5 cxb5 34. f3 a5 35. Kf2 a4 36. bxa4 bxa4 37. Ra3 Bb3 38. Ke3 Ke5 39. f4+ Kd5
40. Kd3 h5 41. g4 h4 42. Ra1 f5 43. gxf5 gxf5 44. Ra3 Bc4+ 45. Kc3 Bb5 46. Kb4
Be8 47. Re3 Bd7 48. Re5+ Kd4 49. Re1 Bc6 50. Re6 Be4 51. Kxa4 Ke3 52. Rh6 Kxf4
53. Rxh4+ Kg3 54. Rh8 f4 55. Rf8 f3 56. h4 f2 57. h5 Bf3 58. Rg8+ Kh2 59. Rf8
f1=Q 0-1

[Event "Titled Tue 10th Jun Late"]
[Site "chess.com INT"]
[Date "2025.06.10"]
[Round "6"]
[White "Wiebe, Isaac"]
[Black "Annaberdiyev, Meylis"]
[Result "0-1"]
[BlackTitle "GM"]
[WhiteElo "2085"]
[BlackElo "2436"]
[WhiteFideId "2623862"]
[BlackFideId "14000563"]
[EventDate "2025.06.10"]

1. e4 c5 2. Nf3 d6 3. Nc3 Nc6 4. Bb5 Bd7 5. O-O Nf6 6. Bxc6 Bxc6 7. e5 dxe5 8.
Nxe5 Rc8 9. Nxc6 Rxc6 10. d3 e6 11. Bg5 Be7 12. Qf3 O-O 13. Rfe1 Qd7 14. Rad1
Rd8 15. Ne4 Nd5 16. Bxe7 Nxe7 17. Ng5 Nf5 18. Qh3 h6 19. Nf3 Rc7 20. Qg4 Nd4 21.
Nxd4 cxd4 22. Re2 Rdc8 23. Rdd2 Qd5 24. b3 Qg5 25. Qxg5 hxg5 26. g4 Rc5 27. a4
a5 28. Kg2 e5 29. Kf3 f6 30. Kg3 Kf7 31. f3 Ke6 32. Kf2 Kd6 33. Ke1 Rh8 34. Kd1
Rh3 35. Rf2 Rc8 36. Rde2 Kc5 37. Kc1 b5 38. axb5 Kxb5 39. Kb2 a4 40. bxa4+ Kxa4
41. Re4 Rb8+ 42. Ka2 Kb4 43. Kb2 Rhh8 44. c3+ Kc5+ 45. Kc2 dxc3 46. Kxc3 Kd5 47.
Rc4 Rbc8 48. Ra2 Rxc4+ 49. dxc4+ Kc6 50. Rd2 Rh3 51. Rf2 e4 52. Kd4 exf3 53. Ke3
Kc5 54. Rxf3 Rxf3+ 55. Kxf3 Kxc4 56. Ke4 g6 57. h3 Kc5 58. Ke3 Kd5 59. Kd3 Ke5
60. Ke3 f5 61. Kf3 f4 62. Kf2 Ke4 63. Ke2 f3+ 64. Kf2 Kf4 65. Kg1 Kg3 66. Kf1
Kxh3 67. Kf2 Kxg4 0-1

[Event "Titled Tue 10th Jun Late"]
[Site "chess.com INT"]
[Date "2025.06.10"]
[Round "6"]
[White "Goryachkina, Aleksandra"]
[Black "Zlatin, Alexander"]
[Result "1/2-1/2"]
[WhiteTitle "GM"]
[BlackTitle "FM"]
[WhiteElo "2533"]
[BlackElo "2313"]
[WhiteFideId "4147103"]
[BlackFideId "2810549"]
[EventDate "2025.06.10"]

1. e4 e6 2. d4 d5 3. Nc3 dxe4 4. Nxe4 Nf6 5. Nxf6+ Qxf6 6. Be3 Bd6 7. Bd3 h6 8.
Nf3 Nc6 9. a3 O-O 10. Be4 e5 11. Bxc6 bxc6 12. dxe5 Bxe5 13. Nxe5 Qxe5 14. Qd4
Qxd4 15. Bxd4 Bf5 16. O-O-O Rfe8 17. Rhe1 f6 18. b4 a6 19. Kb2 Kf7 20. Be3 Rad8
21. Kc3 Be4 22. Rxd8 Rxd8 23. f3 Bf5 24. Bf4 Rd7 25. Re2 g5 26. Bg3 h5 27. h4 g4
28. fxg4 Bxg4 29. Re3 Kg6 30. Bf4 Kf5 31. g3 Kg6 32. Kc4 Rd5 33. Bxc7 Bd1 34.
Kc3 c5 35. Re1 cxb4+ 36. axb4 Bg4 37. Kc4 Rd2 38. c3 Bd7 39. Kc5 Rc2 40. Re3 Bb5
41. Bd8 Kf5 42. Be7 Rc1 43. Bd8 Rc2 44. Bb6 Kg4 45. Kd6 f5 46. Bd4 f4 47. gxf4
Kxf4 48. Re5 Kg4 49. Re4+ Kf5 50. Re7 Kg4 51. Bf6 Rd2+ 52. Kc5 Rf2 53. Bg5 Rf3
54. c4 Rc3 55. Re4+ Kf5 56. Rf4+ Ke6 57. Bf6 Rxc4+ 58. Rxc4 Bxc4 59. Bg5 Bf1 60.
Kd4 Kf5 61. Kc5 Bb5 62. Kd4 Kg6 63. Kc5 Bf1 64. Kd4 Bb5 65. Kc5 Bf1 66. Kd4 Bb5 1/2-1/2